Movies Quiz

Random Movies or Puzzle Quiz
Score 0/100 Timer 10:00
6 Plays Today
% Correct
SW - May the Force be with you. (1977)
100%
SW - May the Force be with you. (1977)
99.9%
BM - I wish I knew how to quit you. (2005)
97.9%
BM - I wish I knew how to quit you. (2005)
97.9%
SS - I see dead people. (1999)
97.9%
SS - I see dead people. (1999)
97.9%
Star Wars
97.9%
Star Wars
97.9%
FN - P. Sherman.
42 Wallaby Way, Sydney. (2003)
93.3%
FN - P. Sherman.
42 Wallaby Way, Sydney. (2003)
93.3%
TD - You talkin' to me? (1976)
92.9%
TD - You talkin' to me? (1976)
92.9%
Sixth Sense
92.9%
Sixth Sense
92.9%
FG - Life was like a box of chocolates; you
never know what you're gonna get. (1994)
90.6%
FG - Life was like a box of chocolates; you
never know what you're gonna get. (1994)
90.6%
FC - The first rule of [Movie Title] is:
You do not talk about [Movie Title]. (1999)
89.6%
FC - The first rule of [Movie Title] is:
You do not talk about [Movie Title]. (1999)
89.6%
SL - I ate his liver with some fava
beans and a nice chianti. (1991)
89.3%
SL - I ate his liver with some fava
beans and a nice chianti. (1991)
89.3%
S - Heeeeeere’s Johnny (1980)
89.3%
Forrest Gump
89.1%
Forrest Gump
89.1%
G - My name is Maximus Decimus Meridius,
commander of the Armies of the North,... (2000)
88.7%
TS - You are a sad, strange little
man, and you have my pity. (1995)
88.8%
TS - You are a sad, strange little
man, and you have my pity. (1995)
88.8%
WW - Party on, Garth (1992)
88.6%
WW - Party on, Garth (1992)
88.6%
Fight Club
88.5%
Fight Club
88.5%
G - No, Mr. Bond. I expect you to die! (1964)
88.4%
Finding Nemo
87.9%
Finding Nemo
87.9%
The Shining
87.8%
% Correct
The Shining
87.8%
C - Of all the gin joints, in all the towns,
in all the world, she walks into mine. (1942)
87.6%
Taxi Driver
87.6%
Taxi Driver
87.6%
KK - Wax on, wax off. (1984)
87.5%
KK - Wax on, wax off. (1984)
87.5%
Goldfinger
87.2%
Goldfinger
87.2%
WO - There's no place like home. (1939)
87.1%
WO - There's no place like home. (1939)
87.1%
AP - This one time, at band camp… (1999)
87.1%
AP - This one time, at band camp… (1999)
87.1%
Silence of the Lambs
87.1%
Silence of the Lambs
87.1%
Gladiator
86.8%
Gladiator
86.8%
The Wizard of Oz
86.1%
The Wizard of Oz
86.1%
A - I am serious... and don't call me Shirley! (1980)
85.9%
DD - Nobody puts Baby in a corner. (1987)
85.9%
DD - Nobody puts Baby in a corner. (1987)
85.9%
Casablanca
85.7%
Casablanca
85.7%
Waynes World
85.5%
Waynes World
85.5%
J - You're gonna need a bigger boat. (1975)
85.3%
PA - Get your stinking paws off me,
you damned dirty ape! (1968)
84.9%
PA - Get your stinking paws off me,
you damned dirty ape! (1968)
84.9%
Brokeback Mountain
84.9%
Brokeback Mountain
84.9%
Jaws
84.9%
Jaws
84.9%
Karate Kid
84.8%
Karate Kid
84.8%
% Correct
American Pie
84.8%
American Pie
84.8%
T - I'm the king of the world! (1997)
84.5%
Airplane
84.5%
Airplane
84.5%
JM - Show me the money! (1996)
84.4%
JM - Show me the money! (1996)
84.4%
Planet of the Apes
84.4%
Planet of the Apes
84.4%
Titanic
84.3%
Titanic
84.3%
Jerry Maguire
83.9%
Jerry Maguire
83.9%
Toy Story
83.7%
Toy Story
83.7%
Dirty Dancing
82.9%
Dirty Dancing
82.9%
Dirty Dancing
82.9%
Dirty Dancing
82.9%
Dirty Dancing
82.9%
Dirty Dancing
82.9%
Dirty Dancing
82.9%
Dirty Dancing
82.9%
Dirty Dancing
82.9%
Dirty Dancing
82.9%
Dirty Dancing
82.9%
Dirty Dancing
82.9%
Dirty Dancing
82.9%
Dirty Dancing
82.9%
Dirty Dancing
82.9%
Dirty Dancing
82.9%
Dirty Dancing
82.9%
Remove Ads.
Support Sporcle.
Get the best of Sporcle when you Go Orange. This ad-free experience offers more features, more stats, and more fun while also helping to support Sporcle. Thank you for becoming a member.

You're not logged in!

Compare scores with friends on all Sporcle quizzes.
OR
Log In

Show Comments

Extras

Top Quizzes Today


Score Distribution

Your Account Isn't Verified!

In order to create a playlist on Sporcle, you need to verify the email address you used during registration. Go to your Sporcle Settings to finish the process.

Report this User

Report this user for behavior that violates our Community Guidelines.

Details: